00691nac a22002171u 4500010001400000082001500014090001500029100003400044245007600078260005000154300001600204500001500220500004100235650001500276650001400291650001100305650001800316942001700334999001500351952010700366 a001315559 a291bF8692 c3403d3403 aFrazer, James George, 854-194 aThe golden bough:b a study in magic and Religion/c by J.G. Frazer ... aLondon :b Macmillan & Co., C.1900.c C.1900. aV.2b23 cm. aDonations. aDonations - Bibliotheca Alexandrina. aMythology. aReligion. aMagic. aSuperstition. cBBk291F8692 c3403d3403 00102ddc4070aMAINbMAINcLOWd2010-04-07ePurchasel0o291 FRAp000030033r2025-07-15 00:00:00yBB